La démocratie en santé : adopter une approche féministe pour lutter contre les oppressions sociales (notice n° 2052705)
[ vue normale ]
| 000 -LEADER | |
|---|---|
| fixed length control field | 03426cam a2200325 4500500 |
| 005 - DATE AND TIME OF LATEST TRANSACTION | |
| control field | 20260405001944.0 |
| 041 ## - LANGUAGE CODE | |
| Language code of text/sound track or separate title | fre |
| 042 ## - AUTHENTICATION CODE | |
| Authentication code | dc |
| 100 10 - MAIN ENTRY--PERSONAL NAME | |
| Personal name | Memmi Machado, Sarah |
| Relator term | author |
| 245 00 - TITLE STATEMENT | |
| Title | La démocratie en santé : adopter une approche féministe pour lutter contre les oppressions sociales |
| 260 ## - PUBLICATION, DISTRIBUTION, ETC. | |
| Date of publication, distribution, etc. | 2025.<br/> |
| 500 ## - GENERAL NOTE | |
| General note | 91 |
| 520 ## - SUMMARY, ETC. | |
| Summary, etc. | As committed associative campaigners for global health and rights, we have observed that health interventions are often dominated by a biomedical perspective. This approach tends to be disconnected from local dynamics, excludes communities, and replicates standardized intervention models. In light of this, we examine how to rethink projects by engaging front-line associations in a collective reflection that amplifies the voices of those most directly affected.In this perspective, we have anchored our action in a feminist health democracy approach. Through initiatives such as the “Jeunes en vigie” project, we aim to highlight practices that challenge and transform power dynamics both in the way that actions are carried out and in the production of knowledge. These initiatives focus on the individual and collective empowerment of young people, particularly young women, and the establishment of dialogue with healthcare providers. They aim to give value to experiential and medical knowledge and to promote the participation of everyone in decisions concerning health. |
| 520 ## - SUMMARY, ETC. | |
| Summary, etc. | En tant qu’actrices associatives engagées pour les droits et la santé mondiale, nous avons observé que les interventions en santé sont souvent dominées par une perspective biomédicale, déconnectées des dynamiques locales, excluant les populations et répliquant des modèles d’intervention standardisés. Face à ces constats, nous nous interrogeons sur la manière de repenser les projets, en engageant les associations de première ligne dans une réflexion collective qui permettrait aux principales concernées de faire entendre leur voix.Dans cette optique, nous avons ancré notre action dans une démarche de démocratie en santé féministe. En mettant l’accent sur différentes expérimentations, dont le projet « Jeunes en Vigie », nous souhaitons mettre en lumière des pratiques qui viennent questionner et modifier les rapports de pouvoir, tant dans la conduite des actions que dans la production des savoirs. Ces initiatives reposent sur l’empouvoirement individuel et collectif des jeunes, en particulier des jeunes femmes, et la mise en place de dialogues avec les prestataires de santé. Elles visent à valoriser savoirs expérientiels et médicaux et à favoriser la participation de tous et toutes dans les décisions concernant la santé. |
| 690 ## - LOCAL SUBJECT ADDED ENTRY--TOPICAL TERM (OCLC, RLIN) | |
| Topical term or geographic name as entry element | Approche décoloniale |
| 690 ## - LOCAL SUBJECT ADDED ENTRY--TOPICAL TERM (OCLC, RLIN) | |
| Topical term or geographic name as entry element | Démocratie en santé féministe |
| 690 ## - LOCAL SUBJECT ADDED ENTRY--TOPICAL TERM (OCLC, RLIN) | |
| Topical term or geographic name as entry element | Empouvoirement |
| 690 ## - LOCAL SUBJECT ADDED ENTRY--TOPICAL TERM (OCLC, RLIN) | |
| Topical term or geographic name as entry element | Decolonial approach |
| 690 ## - LOCAL SUBJECT ADDED ENTRY--TOPICAL TERM (OCLC, RLIN) | |
| Topical term or geographic name as entry element | Empowerment |
| 690 ## - LOCAL SUBJECT ADDED ENTRY--TOPICAL TERM (OCLC, RLIN) | |
| Topical term or geographic name as entry element | Feminist health democracy |
| 700 10 - ADDED ENTRY--PERSONAL NAME | |
| Personal name | Fournier, Jeanne |
| Relator term | author |
| 700 10 - ADDED ENTRY--PERSONAL NAME | |
| Personal name | Gueye, Cina |
| Relator term | author |
| 700 10 - ADDED ENTRY--PERSONAL NAME | |
| Personal name | Gal-Regniez, Aurélie |
| Relator term | author |
| 700 10 - ADDED ENTRY--PERSONAL NAME | |
| Personal name | Lorre, Solenn |
| Relator term | author |
| 700 10 - ADDED ENTRY--PERSONAL NAME | |
| Personal name | Petitpas, Elise |
| Relator term | author |
| 700 10 - ADDED ENTRY--PERSONAL NAME | |
| Personal name | Pobel, Dominique |
| Relator term | author |
| 700 10 - ADDED ENTRY--PERSONAL NAME | |
| Personal name | Reine Yameogo, Stevie |
| Relator term | author |
| 786 0# - DATA SOURCE ENTRY | |
| Note | Santé Publique | 37 | 1 | 2025-03-11 | p. 37-41 | 0995-3914 |
| 856 41 - ELECTRONIC LOCATION AND ACCESS | |
| Uniform Resource Identifier | <a href="https://stm.cairn.info/revue-sante-publique-2025-1-page-37?lang=fr&redirect-ssocas=7080">https://stm.cairn.info/revue-sante-publique-2025-1-page-37?lang=fr&redirect-ssocas=7080</a> |
Pas d'exemplaire disponible.




Réseaux sociaux